00863cam a22002414a 4500001000500000005001700005020001800022040002300040050001600063082001200079100002300091245006400114250005500178260003400233300005000267490001600317505000800333520015500341521001700496521001800513650006000531650003000591236420240221114226.0 a9780516244655 aDLCcDLCdDLCbeng00aG587b 200300a919.8041 aNichols, Catherine10aPolar adventures : a chapter book /cby Nicholas, Cathreine aFirst Scholastic book club printing, November 2003 aNew York :bScholastic,c2003 a48 pages :bcolor illustrations ; c24 cm .  a True Tales aO  aBriefly discusses some of the explorers of the North and South Poles, including Robert Peary, Ernest Shackleton, Matthew Henson, and Donald Macmillan. a620 bLexile aO bRaz-Plus 0aExplorerszPolar regionsxHistoryvJuvenile literature. 1aExplorerszPolar regions.